小田急ロマンスカー/Odakyu Romancecar - Statistics

General Stats
  • This quiz has been taken 44 times
  • The average score is 9 of 11
Answer Stats
Line(s) Serving Origin Destination Answer % Correct
Odawara Line/Hakone Tozan Line 小田原線/箱根登山鉄道線 Shinjuku 新宿 Hakone Yumoto 箱根湯本 Hakone/はこね
94%
Odawara Line/Enoshima Line/Hakone Tozan Line 小田原線/江ノ島線/箱根登山鉄道線 Shinjuku 新宿 Hon Atsugi/Hadano/Odawara/Hakone Yumoto/Fujisawa/Katase Enoshima 本厚木/秦野/小田原/箱根湯本/藤沢/片瀬江ノ島 Home Way/ホームウェイ
91%
Tokyo Metro Chiyoda Line/Odawara Line/Hakone Tozan Line 東京メトロ千代田線/小田原線/箱根登山鉄道線 Kita Senju 北千住 Hakone Yumoto 箱根湯本 Metro Hakone/メトロはこね
91%
Odawara Line/Enoshima Line 小田原線/江ノ島線 Shinjuku 新宿 Fujisawa/Katase Enoshima 藤沢/片瀬江ノ島 Enoshima/えのしま
88%
Odawara Line/JR Gotemba Line 小田原線/JR御殿場線 Shinjuku 新宿 Gotemba 御殿場 Fujisan/ふじさん
88%
Tokyo Metro Chiyoda Line/Odawara Line/Enoshima Line 東京メトロ千代田線/小田原線/江ノ島線 Kita Senju 北千住 Katase Enoshima 片瀬江ノ島 Metro Enoshima/メトロえのしま
84%
Tokyo Metro Chiyoda Line/Odawara Line 東京メトロ千代田線/小田原線 Kita Senju/Otemachi 北千住/大手町 Hon Atsugi 本厚木 Metro Home Way/メトロホームウェイ
81%
Odawara Line 小田原線 Shinjuku 新宿 Hon Atsugi/Hadano/Odawara 本厚木/秦野/小田原 Sagami/さがみ
78%
Odawara Line/Hakone Tozan Line 小田原線/箱根登山鉄道線 Shinjuku 新宿 Hakone Yumoto 箱根湯本 Super Hakone/スーパーはこね
78%
Odawara Line/Enoshima Line 小田原線/江ノ島線 Sagami Ono/Hon Atsugi/Hadano/Odawara/Fujisawa/Katase Enoshima 相模大野/本厚木/秦野/小田原/藤沢/片瀬江ノ島 Shinjuku 新宿 Morning Way/モーニングウェイ
72%
Tokyo Metro Chiyoda Line/Odawara Line 東京メトロ千代田線/小田原線 Hon Atsugi 本厚木 Kita Senju 北千住 Metro Morning Way/メトロモーニングウェイ
63%
No matching quizzes found
Score Distribution
Percent of People with Each Score
Percentile by Number Answered
Your Score History
You have not taken this quiz